000 00540cam a2200205ua 4500
001 3478
005 20260515113702.0
008 111116n ii |||gr||||Z||||||asm
040 _cMAIN
082 _a920
100 _aGoswami, Indira,
_eAuthor.
245 1 1 _aEri thoi aha dinbor
_cby Indira Goswami
250 _a1st.
260 _aGuwahati:
_bLawyers Book stall,993.
300 _a323p:
_c23cm.
653 _aAutobiography
653 _aAutobiography of Eri thoi aha dinbor
700 _aKhound, Malaya Baruah,
_eEditor.,
942 _cBK
999 _c3318
_d3318